000 00818nam a22002057a 4500
999 _c1995
_d1995
003 AR-CdUCM
008 190228b ||||| |||| 00| 0 spa d
040 _aMUNICIPALIDAD PROVINCIAL DEL CUSCO
_cBIBLIOTECA MUNICIPAL DEL CUSCO
082 _a338.01 /
_bA23
100 _aAdelman, Irma
_97268
245 _aTeorías del desarrollo económico /
260 _aMéxico, D.F
_bFondo de Cultura Económica,
_c1964.
300 _a171 paginas ;
_c21 cm.
505 _aContenido: Una estructura general para el análisis -- Adam Smith -- Ricardo Karl Marx -- Schumpeter -- Un modelo neokeynesiano de una economía con crecimiento -- Resumen y conclusión ...
650 _aDesarrollo económico
_91696
650 _aEscuelas y sistemas
_97269
650 _aEconomía
_9382
942 _2ddc
_cLIBROS
945 _arum
_d2019-02-28